Tính tiết diện phản ứng (P,N) cho các bia Vanadi(v), Nicken(Ni) và Urani(U) với năng lượng bắn phá từ 0.5Gev đến 1.5Gev : Luận văn tốt nghiệp cao học. Ngành Vật lý lý thuyết và vật lý toán

Luận văn giới thiệu về phản ứng hạt nhân, các mô hình tiết diện phản ứng (p,n) và lò phản ứng hạt nhân điều khiển bàng máy gia tốc.

Đã lưu trong:
書目詳細資料
主要作者: Trần, Lê Hồng Phi
格式: 圖書
語言:Undetermined
出版: Cần Thơ Trường Đại học Cần Thơ 2009
主題:
標簽: 添加標簽
沒有標簽, 成為第一個標記此記錄!
Thư viện lưu trữ: Trung tâm Học liệu Trường Đại học Cần Thơ
LEADER 01137nam a2200217Ia 4500
001 CTU_152188
008 210402s9999 xx 000 0 und d
082 |a 539.7 
082 |b Ph300 
088 |a 604401 
100 |a Trần, Lê Hồng Phi 
245 0 |a Tính tiết diện phản ứng (P,N) cho các bia Vanadi(v), Nicken(Ni) và Urani(U) với năng lượng bắn phá từ 0.5Gev đến 1.5Gev : 
245 0 |b Luận văn tốt nghiệp cao học. Ngành Vật lý lý thuyết và vật lý toán 
245 0 |c Trần Lê Hồng Phi; Trần Văn Hùng (cán bộ hướng dẫn) 
260 |a Cần Thơ 
260 |b Trường Đại học Cần Thơ 
260 |c 2009 
520 |a Luận văn giới thiệu về phản ứng hạt nhân, các mô hình tiết diện phản ứng (p,n) và lò phản ứng hạt nhân điều khiển bàng máy gia tốc. 
650 |a Nuclear reactions,Phản ứng hạt nhân 
904 |i Năm, T. Dương 
980 |a Trung tâm Học liệu Trường Đại học Cần Thơ